[Event "FB1 1920 OSG Baden-Baden - TuRa Harkshe"]
[Site "?"]
[Date "2021.09.04"]
[Round "10.4"]
[White "Arakhamia-Grant, Ketevan"]
[Black "Brandt, Carina"]
[Result "1-0"]
[WhiteElo "2380"]
[BlackElo "2061"]
[PlyCount "77"]
[EventDate "2021.??.??"]

1. e4 e6 2. d4 d5 3. Nc3 Bb4 4. e5 c5 5. a3 Bxc3+ 6. bxc3 Ne7 7. a4 Bd7 8. Nf3
Nbc6 9. Bd3 h6 10. O-O c4 11. Be2 Qa5 12. Qd2 Nd8 13. Ba3 Bxa4 14. Bb4 Qa6 15.
Nh4 b5 16. f4 Ndc6 17. Bc5 Qc8 18. g4 g6 19. Kh1 Qd7 20. f5 exf5 21. gxf5 gxf5
22. Bh5 Qe6 23. Rg1 Rg8 24. Rxg8+ Nxg8 25. Rg1 O-O-O 26. Nxf5 Kb8 27. Nd6 Nge7
28. Bxf7 Qh3 29. Rg2 Qf3 30. Kg1 b4 31. cxb4 c3 32. Qc1 Nf5 33. Nxf5 Qxf5 34.
Bg6 Qf3 35. Bd3 Re8 36. Rg3 Qh5 37. b5 Nxe5 38. Bd6+ Kc8 39. Bxe5 1-0

[Event "FB1 1920 OSG Baden-Baden - TuRa Harkshe"]
[Site "?"]
[Date "2021.09.04"]
[Round "10.5"]
[White "Waechter, Nathalie"]
[Black "Tammert, Iamze"]
[Result "0-1"]
[WhiteElo "2006"]
[BlackElo "2295"]
[PlyCount "92"]
[EventDate "2021.??.??"]

1. d4 Nf6 2. c4 g6 3. Nc3 d5 4. e3 Bg7 5. b4 dxc4 6. Bxc4 Nbd7 7. Qb3 O-O 8.
Nf3 Nb6 9. Be2 Be6 10. Qb2 Nbd5 11. Ng5 Bg4 12. Bxg4 Nxg4 13. h3 Nxc3 14. Qxc3
e5 15. Nf3 exd4 16. Nxd4 Ne5 17. O-O Nc6 18. Bb2 Nxd4 19. exd4 Qd7 20. Rac1 c6
21. Qb3 Rad8 22. Rfd1 Rfe8 23. d5 cxd5 24. Bxg7 Kxg7 25. Rc5 d4 26. Qd3 Re6 27.
Rc4 Rd6 28. Rc2 Qa4 29. Rcd2 Qd7 30. Rc1 Qe6 31. Re2 Qf5 32. Qxf5 gxf5 33. Rc7
Kf6 34. Rxb7 d3 35. Rd2 Rc8 36. f3 Rc2 37. Rd1 Rxa2 38. Rc7 Ke5 39. Rc4 Rc2 40.
f4+ Ke6 41. Rc5 Rxc5 42. bxc5 Rd4 43. Kf2 d2 44. Ke3 Rd5 45. g4 fxg4 46. hxg4
Kd7 0-1

[Event "FB1 1920 OSG Baden-Baden - TuRa Harkshe"]
[Site "?"]
[Date "2021.09.04"]
[Round "10.6"]
[White "Heinemann, Josefine"]
[Black "Koehler, Inken"]
[Result "1-0"]
[WhiteElo "2292"]
[BlackElo "1958"]
[PlyCount "93"]
[EventDate "2021.??.??"]

1. e4 e6 2. d4 d5 3. Nd2 dxe4 4. Nxe4 Bd7 5. Nf3 Bc6 6. Bd3 Nd7 7. O-O Ngf6 8.
Ned2 Be7 9. Nc4 Bxf3 10. Qxf3 c6 11. c3 O-O 12. Re1 Nb6 13. Ne5 Qd5 14. Qh3
Nbd7 15. Bc4 Qa5 16. Nxd7 Nxd7 17. Bxe6 Nf6 18. Bb3 Bd6 19. Qf3 Qc7 20. g3 h6
21. Bxh6 Qd7 22. Bg5 Nh7 23. Bd2 Nf6 24. h4 Rae8 25. Kg2 Bc7 26. h5 Qg4 27.
Qxg4 Nxg4 28. f3 Nf6 29. g4 Nd5 30. Bxd5 cxd5 31. Rxe8 Rxe8 32. Re1 Rxe1 33.
Bxe1 Bf4 34. b3 b5 35. Kf2 f5 36. Ke2 fxg4 37. fxg4 Kf7 38. Bd2 Bc7 39. Kd3 Ke6
40. c4 a6 41. cxb5 axb5 42. a4 bxa4 43. bxa4 Kd7 44. g5 Bd8 45. h6 gxh6 46.
gxh6 Bf6 47. Bf4 1-0

[Event "FB1 1920 Karlsruher SF 1853 - Hamburger"]
[Site "?"]
[Date "2021.09.04"]
[Round "10.1"]
[White "Socko, Monika"]
[Black "Mader, Manuela"]
[Result "1-0"]
[WhiteElo "2385"]
[BlackElo "2205"]
[PlyCount "91"]
[EventDate "2021.??.??"]

1. d4 Nf6 2. c4 g6 3. Nf3 Bg7 4. g3 O-O 5. Bg2 d6 6. O-O Nc6 7. Nc3 a6 8. Qc2
Bg4 9. Rd1 Qc8 10. d5 Na5 11. Qa4 b6 12. Nd4 Bd7 13. Qb4 Rb8 14. Bg5 h6 15.
Bxf6 Bxf6 16. Rac1 Bh3 17. Bh1 Kg7 18. Nc6 Nxc6 19. dxc6 e6 20. Ne4 Be7 21.
Qc3+ f6 22. f4 Bf5 23. Nf2 g5 24. e3 Kh7 25. Re1 Bg6 26. Rcd1 Qe8 27. b4 f5 28.
Qd2 Bf6 29. a4 Qf7 30. Rc1 Rfd8 31. Bg2 Qe7 32. Qe2 d5 33. b5 axb5 34. axb5 Ra8
35. Red1 d4 36. Kh1 Ra3 37. exd4 Bxd4 38. Nd3 Bf7 39. Ne5 Re3 40. Qd2 Rd6 41.
Re1 gxf4 42. gxf4 Rb3 43. Qe2 Rb2 44. Rc2 Bh5 45. Qxh5 Rxc2 46. Qg6+ 1-0

[Event "FB1 1920 Karlsruher SF 1853 - Hamburger"]
[Site "?"]
[Date "2021.09.04"]
[Round "10.3"]
[White "Fuchs, Judith"]
[Black "Schmidt, Jessica"]
[Result "1-0"]
[WhiteElo "2216"]
[BlackElo "2234"]
[PlyCount "49"]
[EventDate "2021.??.??"]

1. e4 c6 2. d4 d6 3. Nc3 Nf6 4. f4 g6 5. Nf3 Bg7 6. Bd3 O-O 7. O-O a5 8. Qe1
Na6 9. a3 c5 10. d5 Nc7 11. f5 Nd7 12. Qh4 Ne5 13. Nxe5 dxe5 14. Bg5 f6 15.
fxg6 hxg6 16. Be3 Qd6 17. Na4 b6 18. b4 Na6 19. bxa5 bxa5 20. Rfb1 Rb8 21. Rxb8
Qxb8 22. Nxc5 Qb2 23. Qe1 Nc7 24. Nb3 Nxd5 25. exd5 1-0

[Event "FB1 1920 Karlsruher SF 1853 - Hamburger"]
[Site "?"]
[Date "2021.09.04"]
[Round "10.4"]
[White "Kiefhaber, Veronika"]
[Black "Baciu, Diana"]
[Result "0-1"]
[WhiteElo "2143"]
[BlackElo "2264"]
[PlyCount "58"]
[EventDate "2021.??.??"]

1. e4 e6 2. d4 d5 3. exd5 exd5 4. Nf3 Bd6 5. c4 Nf6 6. Nc3 Nbd7 7. cxd5 O-O 8.
Be2 h6 9. O-O Nb6 10. Ne5 Nbxd5 11. Bc4 c6 12. Qf3 Be6 13. Re1 Re8 14. Bd2 Nb4
15. Bxe6 Rxe6 16. Ng4 Nc2 17. Rxe6 fxe6 18. Rd1 Nxd4 19. Qh3 Nf5 20. Re1 Nxg4
21. Qxg4 Bxh2+ 22. Kxh2 Qxd2 23. Re2 Qd6+ 24. g3 Rf8 25. Kg2 Nd4 26. Rd2 c5 27.
Ne4 Qc6 28. Rd1 h5 29. Qg6 Rf6 0-1

[Event "FB1 1920 Karlsruher SF 1853 - Hamburger"]
[Site "?"]
[Date "2021.09.04"]
[Round "10.5"]
[White "Genova, Lyubka"]
[Black "Rubina, Tatiana"]
[Result "1/2-1/2"]
[WhiteElo "2234"]
[BlackElo "1979"]
[PlyCount "49"]
[EventDate "2021.??.??"]

1. e4 e6 2. b3 d5 3. Bb2 dxe4 4. Nc3 Nf6 5. Qe2 Nbd7 6. Nxe4 Nxe4 7. Qxe4 Nf6
8. Qf3 Be7 9. O-O-O O-O 10. h3 a5 11. a4 c6 12. Bd3 Qd5 13. Bc4 Qd7 14. Ne2 Rd8
15. Nf4 b5 16. axb5 a4 17. bxc6 Qc7 18. bxa4 Rxa4 19. d3 Ba6 20. Bxa6 Rxa6 21.
Rhe1 Rxc6 22. Re2 Rc8 23. c4 Qa5 24. Qe3 Rb8 25. Qe5 1/2-1/2

[Event "FB1 1920 Karlsruher SF 1853 - Hamburger"]
[Site "?"]
[Date "2021.09.04"]
[Round "10.6"]
[White "Scheynin, Julia"]
[Black "Scognamiglio, Stefanie"]
[Result "1-0"]
[WhiteElo "1989"]
[BlackElo "2097"]
[PlyCount "79"]
[EventDate "2021.??.??"]

1. e4 c5 2. Nc3 Nc6 3. d3 d6 4. g3 g6 5. Bg2 Bg7 6. f4 e6 7. Nf3 Nge7 8. O-O
O-O 9. Bd2 d5 10. Rb1 Rb8 11. e5 f6 12. exf6 Bxf6 13. Re1 b5 14. Ne2 Nf5 15. c3
Qd6 16. a3 Rd8 17. b4 d4 18. cxd4 Nfxd4 19. Nexd4 Nxd4 20. Nxd4 Bxd4+ 21. Kh1
c4 22. dxc4 bxc4 23. Qc2 Bb7 24. Qxc4 Bxg2+ 25. Kxg2 Rbc8 26. Qb3 Qc6+ 27. Kh3
Kf7 28. Rbc1 Qd5 29. Qxd5 exd5 30. Rxc8 Rxc8 31. Rc1 Rc4 32. Kg2 Bb2 33. Rd1 d4
34. Kf3 Ke6 35. Ke4 Rc7 36. a4 Kd6 37. Kd3 Kd5 38. Re1 Bc3 39. Re5+ Kd6 40.
Bxc3 1-0

[Event "FB1 1920 Schachfreunde Deizisau - SC Ba"]
[Site "?"]
[Date "2021.09.04"]
[Round "10.1"]
[White "Schneider, Jana"]
[Black "Gaponenko, Inna"]
[Result "0-1"]
[WhiteElo "2283"]
[BlackElo "2330"]
[PlyCount "116"]
[EventDate "2021.??.??"]

1. e4 Nf6 2. e5 Nd5 3. d4 d6 4. c4 Nb6 5. exd6 cxd6 6. Nc3 g6 7. Be3 Bg7 8. Rc1
O-O 9. Be2 d5 10. b3 Nc6 11. Nf3 Bg4 12. c5 Nc8 13. h3 Bxf3 14. Bxf3 e6 15. Qd2
N8e7 16. Nb5 Nf5 17. Bg4 Nxe3 18. fxe3 f5 19. Bf3 a6 20. Nd6 f4 21. e4 Bxd4 22.
exd5 Be3 23. Qc3 Nd4 24. dxe6 Nxf3+ 25. gxf3 Bxc1 26. Qxc1 Qf6 27. Qc4 Qa1+ 28.
Ke2 Qxh1 29. e7+ Kg7 30. Qe6 Qg2+ 31. Ke1 Qg1+ 32. Ke2 Qe3+ 33. Qxe3 fxe3 34.
exf8=Q+ Kxf8 35. Nxb7 Rc8 36. b4 Rb8 37. c6 Rc8 38. Na5 Ke7 39. Kxe3 Kd6 40.
Ke4 Re8+ 41. Kd4 Re2 42. a3 Rh2 43. Ke3 Rxh3 44. a4 Rh5 45. f4 Rxa5 46. bxa5
Kxc6 47. Kf3 h5 48. Kg3 Kd5 49. Kh4 Ke4 50. Kg5 h4 51. Kg4 Ke3 52. Kxh4 Kxf4
53. Kh3 g5 54. Kh2 Kf3 55. Kh1 Kf2 56. Kh2 g4 57. Kh1 Kg3 58. Kg1 Kh3 0-1

[Event "FB1 1920 Schachfreunde Deizisau - SC Ba"]
[Site "?"]
[Date "2021.09.04"]
[Round "10.2"]
[White "Schleining, Zoya"]
[Black "Melamed, Tatjana"]
[Result "1/2-1/2"]
[WhiteElo "2320"]
[BlackElo "2336"]
[PlyCount "32"]
[EventDate "2021.??.??"]

1. d4 Nf6 2. Nf3 e6 3. c4 b6 4. g3 Ba6 5. b3 Bb4+ 6. Bd2 Be7 7. Bg2 d5 8. Ne5
O-O 9. O-O c6 10. Bc3 Nfd7 11. Nxd7 Nxd7 12. Nd2 Nf6 13. e4 dxe4 14. Nxe4 Rc8
15. a4 Nxe4 16. Bxe4 Bf6 1/2-1/2

[Event "FB1 1920 Schachfreunde Deizisau - SC Ba"]
[Site "?"]
[Date "2021.09.04"]
[Round "10.3"]
[White "Savina, Anastasia"]
[Black "Agrest, Inna"]
[Result "1-0"]
[WhiteElo "2335"]
[BlackElo "2256"]
[PlyCount "141"]
[EventDate "2021.??.??"]

1. d4 Nf6 2. c4 g6 3. Nc3 Bg7 4. e4 d6 5. h3 O-O 6. Be3 e5 7. d5 Na6 8. g4 Nc5
9. Bg2 a5 10. Nge2 c6 11. Ng3 a4 12. g5 Nh5 13. Nxh5 gxh5 14. Bf3 Qa5 15. Rb1
cxd5 16. cxd5 b5 17. Kf1 b4 18. Ne2 h4 19. Rc1 Bd7 20. Bxc5 dxc5 21. Bg4 Bb5
22. Kg2 Qb6 23. Ng1 c4 24. Bf5 c3 25. bxc3 b3 26. c4 b2 27. cxb5 bxc1=Q 28.
Qxc1 Qxb5 29. Qd1 Ra6 30. d6 h6 31. Nf3 Rd8 32. d7 Qc5 33. gxh6 Bxh6 34. Nh2
Kf8 35. Qh5 Qe7 36. Ng4 Bg7 37. Rc1 Rb6 38. Ne3 Rh6 39. Qg4 Qa3 40. Rc8 Bf6 41.
Qe2 Rh8 42. Ng4 Qd6 43. Qb5 Rg8 44. Qxa4 Be7 45. Qa5 Qf6 46. a4 Rg5 47. Kh1
Rxg4 48. hxg4 Kg7 49. Qd5 Qb6 50. Qxe5+ Bf6 51. Qc5 Qb1+ 52. Qc1 Qd3 53. Rxd8
Qf3+ 54. Kg1 h3 55. Qf1 Bxd8 56. g5 Bxg5 57. Qxh3 Qd1+ 58. Kg2 Bf6 59. Qg4+
Qxg4+ 60. Bxg4 Bd8 61. e5 Kf8 62. Kf3 Ke7 63. Ke4 f6 64. exf6+ Kxf6 65. Kd5 Ke7
66. Kc6 Ba5 67. f4 Bd2 68. Kc7 Ba5+ 69. Kc8 Bb6 70. f5 Ba5 71. f6+ 1-0

[Event "FB1 1920 Schachfreunde Deizisau - SC Ba"]
[Site "?"]
[Date "2021.09.04"]
[Round "10.4"]
[White "Klek, Hanna Marie"]
[Black "Belenkaya, Dina"]
[Result "1-0"]
[WhiteElo "2331"]
[BlackElo "2267"]
[PlyCount "131"]
[EventDate "2021.??.??"]

1. e4 c6 2. d4 d5 3. f3 dxe4 4. Nc3 Nf6 5. Bc4 e3 6. Bb3 g6 7. Bxe3 Bg7 8. Qd2
a5 9. Nge2 Nbd7 10. a3 Nb6 11. Bh6 Bxh6 12. Qxh6 a4 13. Ba2 Nbd5 14. Ne4 Qa5+
15. c3 Be6 16. O-O O-O-O 17. Nc5 Bf5 18. c4 Nc7 19. Qe3 Rhe8 20. g4 Bd7 21. Nc3
h5 22. g5 Nh7 23. h4 Bh3 24. Rfd1 f6 25. N5xa4 fxg5 26. c5 Na8 27. hxg5 Qc7 28.
f4 Qd7 29. Kh2 Bg4 30. Qe5 Nf8 31. Rd2 Ne6 32. d5 Rf8 33. Rf2 Nec7 34. Nb6+
Nxb6 35. cxb6 Na8 36. Nb5 Qf5 37. Na7+ Kd7 38. dxc6+ Ke8 39. Qxf5 Bxf5 40. c7
Rd4 41. Rc1 Nxb6 42. c8=Q+ Nxc8 43. Nxc8 Bd7 44. Nb6 Bc6 45. Bb1 Rfxf4 46.
Bxg6+ Kf8 47. Rcf1 Rxf2+ 48. Rxf2+ Kg7 49. Bf5 e5 50. Re2 Rd1 51. Rxe5 Rd2+ 52.
Kh3 Rxb2 53. Nc4 Rg2 54. Bd7 Rc2 55. Bxc6 bxc6 56. Rc5 Rc1 57. Rxc6 Rh1+ 58.
Kg2 Rh4 59. g6 Re4 60. a4 Kh6 61. a5 Kg5 62. g7 Rg4+ 63. Kf3 Kh4 64. Ne3 Rg3+
65. Kf4 Kh3 66. Rc1 1-0

[Event "FB1 1920 Schachfreunde Deizisau - SC Ba"]
[Site "?"]
[Date "2021.09.04"]
[Round "10.5"]
[White "Obolentseva, Alexandra"]
[Black "Jelica, Mara"]
[Result "1-0"]
[WhiteElo "2302"]
[BlackElo "2084"]
[PlyCount "57"]
[EventDate "2021.??.??"]

1. d4 e6 2. c4 b6 3. e4 Bb4+ 4. Bd2 Bxd2+ 5. Nxd2 Ne7 6. Bd3 Bb7 7. Ne2 O-O 8.
Qc2 d6 9. O-O e5 10. f4 Nbc6 11. d5 Nb4 12. Qc3 Nxd3 13. Qxd3 exf4 14. Nxf4 a5
15. Nf3 Qd7 16. Nd4 Rae8 17. Rae1 Kh8 18. Re3 Ng8 19. Nf5 Nf6 20. Qd4 Re5 21.
Nd3 Rfe8 22. Nxe5 dxe5 23. Qd2 Nh5 24. Ref3 Nf4 25. g3 Ng6 26. h4 Kg8 27. h5
Nf8 28. Nxg7 Kxg7 29. Qg5+ 1-0

[Event "FB1 1920 Schachfreunde Deizisau - SC Ba"]
[Site "?"]
[Date "2021.09.04"]
[Round "10.6"]
[White "Straub, Natalia"]
[Black "Babiy, Olga"]
[Result "0-1"]
[WhiteElo "2137"]
[BlackElo "2269"]
[PlyCount "62"]
[EventDate "2021.??.??"]

1. d4 Nf6 2. c4 c5 3. d5 g6 4. Nc3 Bg7 5. Nf3 O-O 6. g3 d6 7. Bg2 e6 8. O-O
exd5 9. cxd5 Re8 10. Nd2 a6 11. a4 Nbd7 12. Qb3 Rb8 13. a5 b5 14. axb6 Nxb6 15.
Qc2 Qc7 16. e4 Nfd7 17. Na4 Ne5 18. Nxb6 Rxb6 19. f4 Ng4 20. Nc4 Rb4 21. h3
Bd4+ 22. Kh1 Nf2+ 23. Kh2 Nxe4 24. Bxe4 Rxc4 25. Qxc4 Rxe4 26. Qd3 Qe7 27. g4
Bb7 28. Kg3 h5 29. gxh5 gxh5 30. h4 Bxd5 31. Rxa6 Qf6 0-1

[Event "FB1 1920 SK Schwäbisch Hall - SV 1920 H"]
[Site "?"]
[Date "2021.09.04"]
[Round "10.2"]
[White "Khotenashvili, Bela"]
[Black "Roessler, Ulrike"]
[Result "1-0"]
[WhiteElo "2478"]
[BlackElo "2110"]
[PlyCount "103"]
[EventDate "2021.??.??"]

1. d4 Nf6 2. c4 g6 3. Nc3 Bg7 4. Nf3 d6 5. g3 O-O 6. Bg2 Nc6 7. O-O Bf5 8. d5
Na5 9. Nd2 c5 10. e4 Bd7 11. Qc2 a6 12. b3 b5 13. Bb2 Rb8 14. Rab1 Qc8 15. Nd1
Bh3 16. Ne3 Bxg2 17. Kxg2 Qc7 18. f4 Nd7 19. Bxg7 Kxg7 20. Nf3 Kg8 21. Qc3 f6
22. cxb5 axb5 23. b4 Nc4 24. Nxc4 cxb4 25. Rxb4 bxc4 26. Rxc4 Rb2+ 27. Kh3 Qb6
28. Rc7 Qb5 29. Re1 Rb8 30. Ra7 Nc5 31. Rxe7 Rf8 32. Nd4 Qb8 33. Ne6 Rxa2 34.
Nxc5 dxc5 35. e5 Qc8+ 36. e6 c4 37. Qb4 c3 38. Qb7 Qxb7 39. Rxb7 Rd2 40. Ra1
Rxd5 41. Raa7 Rh5+ 42. Kg2 Rc8 43. Rg7+ Kh8 44. Rgc7 Re8 45. Rxc3 Kg8 46. Rcc7
Kf8 47. Rf7+ Kg8 48. g4 Rh6 49. Rxf6 Rf8 50. g5 Rh5 51. Rd7 Re8 52. Kg3 1-0

[Event "FB1 1920 SK Schwäbisch Hall - SV 1920 H"]
[Site "?"]
[Date "2021.09.04"]
[Round "10.3"]
[White "Kushka, Alena"]
[Black "Atalik, Ekaterina"]
[Result "0-1"]
[WhiteElo "2133"]
[BlackElo "2429"]
[PlyCount "82"]
[EventDate "2021.??.??"]

1. d4 d5 2. c4 e6 3. Nc3 c6 4. cxd5 exd5 5. Bf4 Nf6 6. e3 Bf5 7. Bd3 Bxd3 8.
Qxd3 Bd6 9. Bxd6 Qxd6 10. Nf3 Nbd7 11. O-O O-O 12. b4 Rfe8 13. Rab1 Ne4 14. b5
Rac8 15. bxc6 Qxc6 16. Ne2 Nb6 17. Rb3 Qc2 18. a3 Qxd3 19. Rxd3 Rc2 20. Nf4 f6
21. h4 Rec8 22. h5 Rc1 23. Nd2 Rxf1+ 24. Kxf1 Rc1+ 25. Ke2 Nc4 26. Nxe4 dxe4
27. Rb3 b6 28. d5 Kf7 29. Ne6 Rc2+ 30. Ke1 Ne5 31. Nf4 g5 32. hxg6+ hxg6 33.
Kd1 Rc5 34. f3 exf3 35. gxf3 g5 36. Ng2 Rxd5+ 37. Ke2 Rc5 38. Ne1 Rc4 39. Kd2
Ra4 40. Kc3 Ke6 41. e4 g4 0-1

[Event "FB1 1920 SK Schwäbisch Hall - SV 1920 H"]
[Site "?"]
[Date "2021.09.04"]
[Round "10.4"]
[White "Bulmaga, Irina"]
[Black "Winterholler, Christina"]
[Result "1-0"]
[WhiteElo "2407"]
[BlackElo "2067"]
[PlyCount "97"]
[EventDate "2021.??.??"]

1. e4 e5 2. Nf3 Nc6 3. d4 exd4 4. Nxd4 Bc5 5. Nb3 Bb6 6. Qe2 Nge7 7. Nc3 O-O 8.
Be3 d6 9. O-O-O f5 10. Bxb6 axb6 11. exf5 Bxf5 12. a3 Qd7 13. Qd2 Be6 14. f4
Bxb3 15. cxb3 Na5 16. Bc4+ Nxc4 17. bxc4 Qc6 18. Qd4 Rf7 19. g3 Ra5 20. Kb1 Nf5
21. Qd3 Ra8 22. Rhe1 Re8 23. Nd5 Qd7 24. Rxe8+ Qxe8 25. Nxc7 Rxc7 26. Qxf5 Rc5
27. Qd3 Rc6 28. Qd5+ Qf7 29. Qxf7+ Kxf7 30. b3 Ke6 31. Rd5 h6 32. Kc2 Rc8 33.
Rb5 Rc6 34. Kd3 Kf6 35. Ke4 Ke6 36. g4 Kf6 37. h4 Ke6 38. f5+ Kf6 39. Kf4 Ke7
40. g5 hxg5+ 41. hxg5 Kf7 42. a4 Kf8 43. g6 Ke7 44. a5 bxa5 45. Rxb7+ Kf8 46.
Rf7+ Ke8 47. Rxg7 a4 48. Ra7 Kf8 49. Rxa4 1-0

[Event "FB1 1920 SK Schwäbisch Hall - SV 1920 H"]
[Site "?"]
[Date "2021.09.04"]
[Round "10.6"]
[White "Mkrtchian, Lilit"]
[Black "Froehlich-Dill, Astrid"]
[Result "1-0"]
[WhiteElo "2378"]
[BlackElo "1854"]
[PlyCount "105"]
[EventDate "2021.??.??"]

1. e4 e6 2. d4 b6 3. Nf3 Bb7 4. Bd3 c5 5. c3 Nc6 6. d5 Na5 7. c4 f6 8. Nc3 e5
9. Nh4 g6 10. f4 d6 11. f5 Ne7 12. g4 g5 13. Nf3 h6 14. h4 Bg7 15. a3 Bc8 16.
b4 Nb7 17. Be3 Bd7 18. Kf2 Qc7 19. Nd2 O-O-O 20. Nf1 Rdf8 21. Ng3 Be8 22. Rh2
h5 23. hxg5 h4 24. Nge2 fxg5 25. Bxg5 Bf6 26. Bxf6 Rxf6 27. Qd2 Ng8 28. g5 Rf7
29. Rah1 Rfh7 30. b5 Na5 31. Nc1 Qg7 32. Rh3 Rh5 33. Rg1 Qf8 34. Ke1 R5h7 35.
Nd1 Rg7 36. Nf2 Nb7 37. Be2 Nd8 38. Rgh1 Rgh7 39. Qe3 Qg7 40. Nb3 Bh5 41. Rxh4
Bxe2 42. Rxh7 Rxh7 43. Rxh7 Qxh7 44. Kxe2 Qh5+ 45. Kd2 Nf7 46. Nh3 Qg4 47. Nc1
Qg2+ 48. Ne2 Kd7 49. f6 Qg4 50. Kd3 Qh5 51. Qg3 Nh8 52. Nf2 Qg6 53. Qh3+ 1-0

[Event "FB1 1920 Rodewischer Schachmiezen - SV"]
[Site "?"]
[Date "2021.09.04"]
[Round "10.1"]
[White "Ratay, Meike"]
[Black "Lubbe, Melanie"]
[Result "0-1"]
[WhiteElo "1984"]
[BlackElo "2300"]
[PlyCount "68"]
[EventDate "2021.??.??"]

1. e4 c5 2. Nf3 d6 3. d4 cxd4 4. Nxd4 Nf6 5. Nc3 a6 6. Be2 e6 7. O-O Be7 8. Be3
O-O 9. f3 b5 10. Qd2 Qc7 11. a4 b4 12. Na2 d5 13. e5 Qxe5 14. Bf4 Qh5 15. g4
Qh3 16. Nxb4 Nfd7 17. Nd3 Qh4 18. Ne5 Nxe5 19. Bxe5 Nd7 20. Bg3 Qf6 21. b4 a5
22. Nc6 axb4 23. Nxe7+ Qxe7 24. Rfb1 Ba6 25. Bxa6 Rxa6 26. Qxb4 Qf6 27. Qb7 Nc5
28. Qb5 Qc3 29. Be1 Qxf3 30. Qxc5 Qxg4+ 31. Kh1 Raa8 32. Qb4 Qf5 33. Bc3 Rac8
34. Ra3 Rc4 0-1

[Event "FB1 1920 Rodewischer Schachmiezen - SV"]
[Site "?"]
[Date "2021.09.04"]
[Round "10.2"]
[White "Hagarova, Zuzana"]
[Black "Nguyen, Ha Thanh"]
[Result "1-0"]
[WhiteElo "2278"]
[BlackElo "2001"]
[PlyCount "87"]
[EventDate "2021.??.??"]

1. e4 c5 2. Nf3 Nc6 3. d4 cxd4 4. Nxd4 g6 5. c4 Bg7 6. Be3 Nf6 7. Nc3 O-O 8.
Be2 d6 9. O-O Bd7 10. h3 Nxd4 11. Bxd4 Bc6 12. Qc2 a5 13. Rad1 Qc8 14. b3 Re8
15. f4 e5 16. fxe5 dxe5 17. Be3 h5 18. Rf2 Nh7 19. Rdf1 f6 20. c5 Kh8 21. Bc4
Qd8 22. Bf7 Nf8 23. Qe2 Re7 24. Rd1 Rd7 25. Rxd7 Qxd7 26. Bxg6 Nxg6 27. Qxh5+
Kg8 28. Qxg6 Qf7 29. Qg3 Rd8 30. Rd2 Rxd2 31. Bxd2 Kf8 32. Qd3 Qg6 33. Nd5 Bh6
34. Bxh6+ Qxh6 35. Ne3 Qf4 36. Nf5 Bxe4 37. Qd8+ Kf7 38. Nd6+ Kg7 39. Qe7+ Kh6
40. Nxe4 Qxe4 41. Qxf6+ Kh7 42. Kh2 Qe3 43. Qh4+ Kg6 44. Qg3+ 1-0

[Event "FB1 1920 Rodewischer Schachmiezen - SV"]
[Site "?"]
[Date "2021.09.04"]
[Round "10.5"]
[White "Anisheva, Varvara"]
[Black "Miturova, Magdalena"]
[Result "0-1"]
[WhiteElo "2075"]
[BlackElo "2219"]
[PlyCount "106"]
[EventDate "2021.??.??"]

1. e4 e5 2. Nf3 Nc6 3. Bc4 Nf6 4. d4 exd4 5. O-O Nxe4 6. Re1 d5 7. Bxd5 Qxd5 8.
Nc3 Qa5 9. Nxe4 Be6 10. Bd2 Qf5 11. Bg5 h6 12. Bh4 Bc5 13. Nxc5 Qxc5 14. Re4 g5
15. Bg3 O-O-O 16. Ne5 f5 17. Nd3 Qd5 18. Re1 Rhe8 19. f4 Bf7 20. Qd2 Rg8 21.
Ne5 Be8 22. a3 Qc5 23. Kh1 Rd5 24. Nd3 Qf8 25. b4 Qf6 26. a4 Nd8 27. b5 g4 28.
Qf2 Nf7 29. Bh4 Qg6 30. Nb4 Rd7 31. c3 Qh5 32. g3 Qg6 33. cxd4 Nd6 34. d5 b6
35. Re6 Qg7 36. Rc1 Ne4 37. Qc2 Qd4 38. Rc6 Nc5 39. Bf6 Qxb4 40. Qxf5 Bg6 41.
Qe5 Be4+ 42. Kg1 Qd2 43. Qb2 Qe3+ 44. Kf1 Qf3+ 45. Qf2 Qxf2+ 46. Kxf2 Nd3+ 47.
Ke3 Nxc1 48. Kxe4 Nb3 49. Be5 Nc5+ 50. Ke3 Kb7 51. a5 a6 52. bxa6+ Nxa6 53.
axb6 Nb4 0-1

[Event "FB1 1920 Rodewischer Schachmiezen - SV"]
[Site "?"]
[Date "2021.09.04"]
[Round "10.6"]
[White "Kanakova, Natalie"]
[Black "Troyke, Doreen"]
[Result "1/2-1/2"]
[WhiteElo "2180"]
[BlackElo "2011"]
[PlyCount "97"]
[EventDate "2021.??.??"]

1. Nf3 d5 2. c4 e6 3. e3 Nf6 4. b3 Be7 5. Bb2 O-O 6. Nc3 c5 7. cxd5 exd5 8. d4
Nc6 9. Be2 h6 10. O-O Be6 11. Rc1 Ne4 12. dxc5 Nxc5 13. Nb5 Rc8 14. a3 Ne4 15.
b4 a5 16. bxa5 Qxa5 17. Qd3 Rfd8 18. Rfd1 Bg4 19. h3 Bh5 20. Nbd4 Nxd4 21. Nxd4
Rxc1 22. Rxc1 Bxe2 23. Qxe2 Nd6 24. Nb3 Qb6 25. Qg4 g6 26. Qd4 Qxd4 27. Bxd4
Nc4 28. a4 f5 29. Kf1 Kf7 30. Ke2 Ra8 31. Ra1 Ra6 32. Kd3 Rc6 33. Rb1 Ra6 34.
Ra1 Rc6 35. a5 Bb4 36. Ra4 Be7 37. Bc3 Nd6 38. Nd4 Ra6 39. Ra1 Ne4 40. Be1 b6
41. f3 Nc5+ 42. Kc2 Nb7 43. Nc6 bxa5 44. Nxa5 Nxa5 45. Rxa5 Rxa5 46. Bxa5 Bc5
47. Kd3 h5 48. Bc3 Ke6 49. Bb2 1/2-1/2

[Event "FB1 1920 SV Weißblau Allianz Leipzig -"]
[Site "?"]
[Date "2021.09.04"]
[Round "10.1"]
[White "Sieber, Fiona"]
[Black "Cyfka, Karina"]
[Result "0-1"]
[WhiteElo "2252"]
[BlackElo "2405"]
[PlyCount "64"]
[EventDate "2021.??.??"]

1. e4 e5 2. Nf3 Nf6 3. Nxe5 d6 4. Nf3 Nxe4 5. Nc3 Nxc3 6. dxc3 Be7 7. Be3 O-O
8. Qd2 Nd7 9. O-O-O Nf6 10. Bd3 c5 11. Rhe1 Be6 12. Kb1 c4 13. Bf1 Ne4 14. Qc1
b5 15. Nd4 Bd7 16. g4 Bh4 17. Bg2 Nxf2 18. Bxf2 Bxf2 19. Rf1 Bxd4 20. Rxd4 Rb8
21. Qd2 Qe7 22. g5 Be6 23. a3 a5 24. h4 Qa7 25. Rxd6 b4 26. axb4 axb4 27. cxb4
c3 28. Qxc3 Qa2+ 29. Kc1 Rbc8 30. Rc6 Rxc6 31. Qxc6 Rd8 32. c3 Bf5 0-1

[Event "FB1 1920 SV Weißblau Allianz Leipzig -"]
[Site "?"]
[Date "2021.09.04"]
[Round "10.2"]
[White "Jaracz, Barbara"]
[Black "Newrkla, Katharina"]
[Result "1/2-1/2"]
[WhiteElo "2188"]
[BlackElo "2249"]
[PlyCount "98"]
[EventDate "2021.??.??"]

1. e4 c5 2. Nf3 d6 3. d4 cxd4 4. Nxd4 Nf6 5. Nc3 a6 6. Be3 e5 7. Nb3 Be7 8. f3
Be6 9. Qd2 h5 10. O-O-O Nbd7 11. Kb1 Rc8 12. Bd3 b5 13. h3 h4 14. Rhe1 Qc7 15.
f4 O-O 16. f5 Bc4 17. Bg5 b4 18. Nd5 Nxd5 19. exd5 Bxg5 20. Qxg5 Bxd3 21. cxd3
Nf6 22. Qxh4 a5 23. Rc1 Qb7 24. Rxc8 Rxc8 25. Rc1 Rxc1+ 26. Nxc1 Qxd5 27. g4
Qd4 28. Qg3 a4 29. Ne2 Qc5 30. Qg1 Qc6 31. g5 Nd5 32. g6 b3 33. axb3 axb3 34.
Qd1 Qc2+ 35. Qxc2 bxc2+ 36. Kxc2 Ne3+ 37. Kc3 Nxf5 38. gxf7+ Kxf7 39. b4 Ke6
40. Kc4 Ne3+ 41. Kc3 Kd5 42. Ng3 Kc6 43. d4 Nd5+ 44. Kc4 Nb6+ 45. Kd3 Kd5 46.
dxe5 Kxe5 47. Ne2 g6 48. b5 Kf5 49. Ke3 Ke5 1/2-1/2

[Event "FB1 1920 SV Weißblau Allianz Leipzig -"]
[Site "?"]
[Date "2021.09.04"]
[Round "10.3"]
[White "Hapala, Elisabeth"]
[Black "Schulz, Petra"]
[Result "0-1"]
[WhiteElo "2152"]
[BlackElo "1991"]
[PlyCount "76"]
[EventDate "2021.??.??"]

1. e4 e6 2. d4 d5 3. Nd2 c5 4. exd5 Qxd5 5. Ngf3 cxd4 6. Bc4 Qd6 7. O-O Nc6 8.
Ne4 Qd8 9. Qe2 Nf6 10. Rd1 Be7 11. c3 Nxe4 12. Qxe4 Bf6 13. Nxd4 Nxd4 14. Be3
Qc7 15. Bxd4 Bxd4 16. Rxd4 Bd7 17. Qh4 e5 18. Re1 f6 19. Bd5 Bc6 20. Bb3 Rd8
21. Qh5+ g6 22. Qh3 Rxd4 23. cxd4 Kd8 24. dxe5 fxe5 25. Be6 Qe7 26. Rxe5 Qf6
27. Qe3 Re8 28. f4 Kc7 29. b4 a6 30. g3 Qf8 31. Rc5 Qd6 32. Re5 Qd1+ 33. Kf2
Rd8 34. g4 Rd2+ 35. Kg3 Rd3 36. Kh4 Rxe3 37. Rxe3 Qd4 38. Re2 Qxf4 0-1

[Event "FB1 1920 SV Weißblau Allianz Leipzig -"]
[Site "?"]
[Date "2021.09.04"]
[Round "10.4"]
[White "Germann, Heike"]
[Black "Duessler, Stefanie"]
[Result "1/2-1/2"]
[WhiteElo "2007"]
[BlackElo "2135"]
[PlyCount "49"]
[EventDate "2021.??.??"]

1. d4 f5 2. Bg5 g6 3. e3 Bg7 4. h4 d6 5. Qd3 h6 6. Bf4 e5 7. dxe5 dxe5 8. Qxd8+
Kxd8 9. Bh2 Be6 10. Nf3 Nd7 11. Nbd2 g5 12. Bc4 Ke7 13. Bxe6 Kxe6 14. hxg5 e4
15. gxh6 Nxh6 16. Ng5+ Ke7 17. O-O-O Ng4 18. Bg3 Be5 19. Rxh8 Rxh8 20. Bxe5
Ndxe5 21. Nh3 Ng6 22. Rf1 Nh2 23. Rh1 Ng4 24. Rf1 Nh2 25. Rh1 1/2-1/2